[Event "Budapest Spring Festival 2018"]
[Site "Budapest"]
[Date "2018.04.23"]
[Round "6"]
[White "Rakotomaharo, Fy Antenaina"]
[Black "Zanan, Evgeny"]
[Result "0-1"]
[WhiteElo "2415"]
[BlackElo "2493"]
[Annotator "TA"]
[PlyCount "74"]
[EventDate "2018.??.??"]
[EventType "swiss"]
[EventCountry "HUN"]
[SourceTitle "playchess.com"]
[Source "ChessBase"]
[SourceQuality "1"]

{[%evp 26,74,0,0,12,-9,21,-31,-15,-12,11,7,6,0,0,-464,-457,-466,-459,-463,-445,-469,-464,-455,-431,-502,-345,-29981,-892,-864,-624,-620,-611,-580,-598,-684,-664,-683,-680,-670,-665,-627,-649,-758,-723,-871,-855,-4801,-2235,-1321,-1289]} 1. e4 c5 2. Nf3 e6 3. Nc3 Nc6 4. d4 cxd4 5. Nxd4 Qc7 6. Be2 Nf6 7. Be3 Be7 8. O-O O-O 9. f4 d6 10. Kh1 Nxd4 11. Qxd4 b6 {B83: Sicilian Scheveningen: 6 Be2, lines without ...a6} 12. Rad1 Bb7 13. Bf3 Rfd8 14. Nb5 {[#] LiveBook: 3 Games} Qd7 $146 ({Predecessor:} 14... Qb8 15. c4 a6 16. Nc3 Nd7 17. Qd2 Qc7 18. Rc1 Rac8 19. Rfd1 Qb8 20. Qe2 Bf6 21. Bf2 Ba8 22. h3 h6 23. Rc2 Qc7 24. Rcc1 Qb8 25. Rc2 Qc7 26. Rcc1 {½-½ (26) Galkin,A (2615)-Vitiugov,N (2616) Novokuznetsk 2008}) 15. c4 Bc6 16. e5 (16. Qd3 $11) 16... Bxf3 $15 17. gxf3 dxe5 18. fxe5 Qb7 19. Qf4 Ne8 {And now ...Rxd1 would win.} 20. b3 $2 {[%mdl 8192]} (20. Qe4 $11 Qxe4 21. fxe4) 20... Rxd1 $19 ({Less strong is} 20... Bg5 21. Rxd8 Bxf4 22. Rxa8 $17) 21. Rxd1 {[#]} Bg5 $1 {[%cal Rg5f4][%mdl 512]} 22. Rd7 {Intending Qxf7+ and mate.} (22. Qxg5 Qxf3+) 22... Bxf4 ({Not} 22... Qxd7 23. Qxg5 Qd1+ 24. Kg2 $19) 23. Rxb7 Bxe3 24. Nxa7 Rd8 25. f4 g5 26. f5 $2 {[#]} (26. fxg5 $19 Bxg5 27. Rxb6) 26... exf5 (26... Rd1+ $142 27. Kg2 g4 28. Kg3 exf5 29. Nc6 Rf1 30. Nb4 Rf3+ 31. Kg2 Rf2+ 32. Kg1 f4 33. Nd5 Rxa2+ 34. Kf1 Bd4 35. Nxf4 Rf2+ 36. Kg1 Rxf4+ 37. Kg2 h5 38. Rb8 Rf2+ 39. Kg3 Bxe5+ 40. Kxf2 Bxb8 41. Kg2 f5 42. b4 f4 43. Kf1 f3 44. c5 bxc5 45. bxc5 Bxh2 46. Kf2 h4 47. Ke3 h3 48. Kd3 g3 49. Ke3 g2 50. Kxf3 g1=Q 51. Ke4 Qd1 52. Kf5 Qf3+ 53. Kg5 Bf4+ 54. Kh4 Qg3+ 55. Kh5 Ng7#) 27. Nc6 {Black is clearly winning.} Rd2 28. Ne7+ Kf8 29. Nxf5 Bf4 30. a4 Rxh2+ 31. Kg1 Bxe5 32. Rxb6 Ra2 33. Rb5 f6 34. c5 h5 {[%cal Bh7h5,Bh5h4,Bh4h3,Bh3h2][%mdl 32]} 35. c6 h4 36. Rb7 h3 {( -> ...h2+)} 37. Rh7 h2+ {Precision: White = 21%, Black = 78%.} 0-1

[Event "Budapest Spring Festival 2018"]
[Site "Budapest"]
[Date "2018.04.23"]
[Round "6"]
[White "Bakalchuk, Johnatan"]
[Black "Golubka, Petro"]
[Result "1/2-1/2"]
[WhiteElo "2410"]
[BlackElo "2509"]
[Annotator "TA"]
[PlyCount "72"]
[EventDate "2018.??.??"]
[EventType "swiss"]
[EventCountry "HUN"]
[SourceTitle "playchess.com"]
[Source "ChessBase"]
[SourceQuality "1"]

{[%evp 14,72,37,28,72,66,76,74,66,63,72,19,35,42,35,22,30,9,8,5,14,6,30,30,25,28,15,33,39,0,12,12,14,0,0,0,14,10,15,19,22,0,31,31,47,52,60,29,20,0,0,0,14,0,0,0,0,0,0,0,0]} 1. e4 c5 2. Nf3 d6 3. d4 cxd4 4. Nxd4 Nf6 5. Nc3 a6 6. Be2 e6 7. g4 {[%cal Bg2g4,Bg4g5][%mdl 32]} d5 {B84: Sicilian Scheveningen: 6 Be2 a6, lines without early Be3} 8. exd5 {LiveBook: 3 Games} exd5 $146 ({Predecessor:} 8... Nxd5 9. Nxd5 Qxd5 10. Bf3 Qe5+ 11. Be3 Be7 12. Qd2 Bg5 13. O-O-O Bxe3 14. fxe3 O-O 15. h4 {1-0 (29) Kollars,D (2505)-Oglaza,O (2245) Caleta 2018}) 9. g5 Ne4 {[#]White is slightly better.} 10. Nxe4 $1 dxe4 11. Be3 Bc5 12. Nb3 (12. Qd2 $16) 12... Qxd1+ $11 13. Rxd1 Bxe3 14. fxe3 h6 15. Rd4 hxg5 16. Rxe4+ Kf8 17. Re5 f6 18. O-O Rh3 19. Nd4 Nc6 20. Nxc6 bxc6 21. e4 Re3 22. Kf2 $1 {[%cal Rf2e3]} Rh3 23. Kg1 Re3 24. Kf2 $1 {[%cal Rf2e3]} Rh3 25. Ke1 Rxh2 {[#] aiming for ...Bh3.} 26. Rxg5 $1 a5 {...Rxe2+! is the strong threat.} 27. Bd3 Be6 28. e5 Kf7 29. exf6 gxf6 30. Rg6 f5 $1 31. Rg3 {The position is equal.} Kf6 32. Rgf3 {[%cal Rd3f5]} Ke5 33. Bxf5 Bxa2 34. Bd3 Bd5 35. R3f2 Rxf2 36. Rxf2 a4 {Precision: White = 61%, Black = 62%.} 1/2-1/2

[Event "Budapest Spring Festival 2018"]
[Site "Budapest"]
[Date "2018.04.23"]
[Round "6"]
[White "Kulkarni, Rakesh"]
[Black "Vajda, Levente"]
[Result "1-0"]
[WhiteElo "2390"]
[BlackElo "2577"]
[Annotator "TA"]
[PlyCount "66"]
[EventDate "2018.??.??"]
[EventType "swiss"]
[EventCountry "HUN"]
[SourceTitle "playchess.com"]
[Source "ChessBase"]
[SourceQuality "1"]

{[%evp 14,66,0,0,-4,0,0,0,0,0,0,-47,-18,-69,0,0,0,-79,-80,-74,-71,-72,-72,-73,-79,-77,28,45,51,56,200,191,197,205,195,196,189,183,193,144,119,118,196,196,1043,1042,916,407,400,391,791,785,777,737,702]} 1. e4 e5 2. Nf3 Nc6 3. d4 exd4 4. Nxd4 Nf6 5. Nxc6 bxc6 6. Qe2 {C45: Scotch Game} (6. e5 Qe7 7. Qe2 Nd5 8. h4 Bb7 9. c4 Nb6 10. Rh3 Qe6 11. f4 O-O-O 12. a4 d5 13. a5 Nxc4 14. b3 Bb4+ 15. Kf2 Nxa5 16. Bd2 {½-½ (73) Nakamura,H (2781)-Carlsen,M (2837) London 2017}) 6... Bc5 7. e5 Nd5 8. Qg4 {LiveBook: 3 Games. The position is equal.} Kf8 9. c4 Nb6 10. Qe4 $146 ({Predecessor:} 10. Nc3 Qe7 11. Qg3 Ba6 12. Bf4 Bxc4 13. Bxc4 Nxc4 {1-0 (24) Sepesi,S (2123)-Kuna,M (1891) Liptovsky Mikulas 2016}) 10... d5 11. exd6 Qf6 12. Qf4 Bf5 13. Be2 (13. dxc7 $11 Bb4+ 14. Bd2 Qxb2 15. Bxb4+ Qxb4+ 16. Qd2 Re8+ 17. Be2 Qxc4 18. Nc3) 13... Re8 (13... Bxd6 $15 14. Qf3 Nd7) 14. dxc7 $11 Bd4 {aiming for ...Bd3.} 15. c5 (15. Qf3 $1 $11 {keeps the balance.}) 15... Nc8 $1 $17 {Hoping for ...Bd3.} 16. Qd2 Bg4 $1 17. f3 Be3 18. Qc2 Bxc1 $1 19. Nc3 {[#]} Be3 (19... Bxf3 $1 $17 {[%mdl 512]} 20. gxf3 Bf4) 20. fxg4 $11 Qf2+ 21. Kd1 Qxg2 (21... Bxc5 $14 22. Bf3 Qd4+ 23. Qd2 Qxd2+ 24. Kxd2 Re7) 22. Rf1 $18 {Rxf7+! is the strong threat.} f6 23. Qd3 {Black must now prevent Bf3.} Bxc5 24. Bf3 Qh3 25. Ne4 $36 {[%mdl 2048] Black is under strong pressure.} Bb6 26. Ng5 Qh4 27. Bxc6 {Qd7 would kill now.} Qxg4+ (27... Qxg5 $16 28. Bxe8 Kxe8) 28. Nf3 Re3 $2 (28... Re6 29. Bd7 Qg6 30. Qxg6 Rd6+ 31. Kc2 hxg6 32. Bxc8 Rc6+ 33. Kb3 Bxc7) 29. Qd8+ $1 Kf7 30. Bd5+ (30. Qxh8 $142 Nd6 31. Bd5+ Kg6 32. Rg1 Qxg1+ 33. Nxg1 Rd3+ 34. Ke2 Rxd5 35. Nf3) 30... Kg6 31. Qxh8 {Threatens to win with Rg1.} Rd3+ $2 (31... Kh6) 32. Kc2 Rxd5 {[#]} 33. Rg1 $1 {[%cal Rg1g4][%mdl 512]} Rc5+ {Precision: White = 69%, Black = 42%.} (33... Bxg1 34. Rxg1) 1-0

[Event "Budapest Spring Festival 2018"]
[Site "Budapest"]
[Date "2018.04.23"]
[Round "6"]
[White "Horvath, Dominik"]
[Black "Christiansen, Johan-Sebastian"]
[Result "1-0"]
[WhiteElo "2383"]
[BlackElo "2498"]
[Annotator "TA"]
[PlyCount "75"]
[EventDate "2018.??.??"]
[EventType "swiss"]
[EventCountry "HUN"]
[SourceTitle "playchess.com"]
[Source "ChessBase"]
[SourceQuality "1"]

{[%evp 12,75,-12,-4,-19,-31,11,13,27,12,27,0,0,0,22,23,23,16,22,15,31,32,301,279,290,301,319,325,343,341,340,333,309,322,445,363,353,331,351,345,380,380,372,0,0,0,368,369,395,385,418,412,425,404,512,512,493,464,1526,609,627,587,29989,29990,29990,29991]} 1. c4 e5 2. e3 Nf6 3. Nc3 Nc6 4. a3 g6 (4... d5 5. cxd5 Nxd5 6. Qc2 Nxc3 7. dxc3 a5 8. Nf3 Bd6 9. a4 O-O 10. Bc4 Bg4 11. h4 Qf6 12. Ng5 Bf5 13. e4 Bd7 {1-0 (52) Harikrishna,P (2731)-Vidit,S (2723) chess.com INT 2018}) 5. b4 Bg7 6. Bb2 {A25: English Opening vs King's Indian with ...Nc6 but without early d3} O-O 7. Qc2 {LiveBook: 3 Games} Re8 8. d3 {The position is equal.} a6 $146 ({Predecessor:} 8... d5 9. cxd5 Nxd5 10. Be2 f5 11. Nf3 Nb6 12. O-O {½-½ (52) Bosiocic,M (2566)-Brunner,N (2422) Germany 2016}) 9. Nf3 d5 10. cxd5 Nxd5 11. Be2 Nxc3 12. Bxc3 Bf5 13. O-O Qe7 14. Qb2 Rad8 15. Rfd1 Rd7 16. a4 Nd4 $2 {[%mdl 8192]} (16... b5 $14) 17. exd4 $18 exd4 {[#]} 18. Bd2 $1 ({Worse is} 18. Bxd4 Bxd4 19. Nxd4 Qf6 $15) 18... Qxe2 19. Re1 Bxd3 20. Rxe2 Bxe2 21. Re1 Re4 22. Ng5 Ree7 23. Qb3 d3 24. Nh3 Re4 25. Qa2 Rdd4 26. f3 Re7 27. Bc3 $2 ({White should try} 27. Rc1 $18) 27... Rdd7 28. Bd2 {Hoping for Ng5.} Bd4+ $2 {[%mdl 8192]} (28... Rd4 $1 $11 29. b5 axb5 30. axb5 Rd8) 29. Kh1 Rd6 30. Nf4 Bf2 31. Rc1 c6 {[#]} 32. b5 $1 c5 (32... axb5 33. axb5) 33. bxa6 bxa6 34. Qb2 {Qb8+ is the strong threat.} Rdd7 (34... Rd8 $142 35. Rb1 Ree8) 35. Qf6 (35. Nh5 $142 f5 36. Nf6+ Kf7 37. Nxd7 Rxd7 38. Qh8) 35... Bd4 36. Qxa6 Kg7 {[#]} 37. Nh5+ $1 {[%mdl 512]} Kf8 (37... gxh5 38. Bh6+) 38. Qc8+ {Precision: White = 76%, Black = 23%.} 1-0

[Event "Budapest Spring Festival 2018"]
[Site "Budapest"]
[Date "2018.04.23"]
[Round "6"]
[White "Popovics, Adam"]
[Black "Milanovic, Danilo"]
[Result "1-0"]
[WhiteElo "2380"]
[BlackElo "2488"]
[Annotator "TA"]
[PlyCount "73"]
[EventDate "2018.??.??"]
[EventType "swiss"]
[EventCountry "HUN"]
[SourceTitle "playchess.com"]
[Source "ChessBase"]
[SourceQuality "1"]

{[%evp 13,73,64,89,59,62,61,88,71,84,53,57,57,67,60,65,66,83,50,57,62,62,45,52,50,88,84,89,100,86,70,99,66,100,101,141,125,134,136,140,104,122,72,155,115,211,217,274,285,259,106,110,109,162,114,149,141,212,147,177,143,512,360]} 1. d4 Nf6 2. c4 c5 3. d5 b5 4. cxb5 a6 5. bxa6 Bxa6 6. Nc3 Qa5 7. Bd2 {A58: Benko/Volga Gambit: Lines with 5 bxa6} Qb6 {LiveBook: 6 Games} (7... d6 8. Nf3 Nbd7 9. g3 g6 10. Bg2 Bg7 11. O-O O-O 12. Re1 Rfb8 13. Qc2 Qb4 14. Rab1 Qb7 15. e4 Ng4 16. Red1 Nge5 17. Ne1 Nc4 18. Bc1 Qc7 19. b3 Qa5 20. Na4 {½-½ (72) Ponomariov,R (2739)-Bareev,E (2634) Moscow 2009}) 8. Qb3 Qb4 9. Qc2 {White is slightly better.} d6 10. Nf3 {[%cal Bg1f3,Bf3e1,Be1d3,Bd3f4][%mdl 32]} g6 11. g3 Bg7 12. Bg2 O-O 13. O-O Nbd7 14. Rab1 Qb7 15. Ne1 $146 ({Predecessor:} 15. b3 Nb6 16. Rfd1 Nfxd5 17. Nxd5 Nxd5 {0-1 (33) Van Hoolandt,P (2181)-Napoli,N (2205) Cutro 2005}) 15... Bc4 16. b3 Bxd5 17. Nxd5 Nxd5 18. Nd3 Rac8 19. Nf4 e6 20. Nxd5 exd5 21. Bf4 Be5 22. Qd2 Bxf4 23. Qxf4 Nb6 24. Qxd6 Rfd8 25. Qf6 Qa7 26. a4 d4 27. Rbc1 {[#] aiming for Rxc5!} Qa5 (27... Nd5 $142 28. Bxd5 Rxd5) 28. e3 Qb4 (28... d3 $16 {is a better defense.}) 29. exd4 $18 cxd4 30. Rxc8 Rxc8 {[#]} 31. a5 (31. Rd1 $1 $18 {is the precise move to win.}) 31... Qxa5 $16 32. Qxd4 Qb5 (32... Qc5 $16 {was necessary.} 33. Qxc5 Rxc5) 33. Rb1 Rb8 34. b4 Qf5 (34... Qd7 $16 35. Qxd7 Nxd7) 35. Be4 Qb5 36. Rc1 Na4 $2 {[%mdl 8192]} (36... Qd7 $16 37. Rd1 Qxd4 38. Rxd4 f5) 37. Rc7 {Precision: White = 52%, Black = 38%.} 1-0

[Event "Budapest Spring Festival 2018"]
[Site "Budapest"]
[Date "2018.04.23"]
[Round "6"]
[White "Veinberg, Nimrod"]
[Black "Aryan, Chopra"]
[Result "0-1"]
[WhiteElo "2368"]
[BlackElo "2523"]
[Annotator "TA"]
[PlyCount "122"]
[EventDate "2018.??.??"]
[EventType "swiss"]
[EventCountry "HUN"]
[SourceTitle "playchess.com"]
[Source "ChessBase"]
[SourceQuality "1"]

{[%evp 31,122,25,59,49,48,37,52,42,54,37,58,57,59,67,66,6,6,3,8,0,0,0,0,0,0,-121,-114,-128,-117,-106,-113,-89,-21,-46,-26,-35,-47,-64,-57,-64,-54,-59,-44,-42,-47,-49,0,-4,-8,-10,-17,-11,-11,-14,-2,-16,-8,0,3,-312,-296,-302,-297,-349,-355,-637,-603,-571,-625,-754,-743,-738,-740,-29972,-29968,-29991,-659,-860,-850,-833,-833,-722,-580,-803,-750,-886,-851,-815,-799,-934,-908,-29976,-29975]} 1. d4 Nf6 2. c4 g6 3. Nc3 Bg7 4. e4 d6 5. f3 O-O 6. Be3 c5 7. Nge2 Nc6 8. d5 Ne5 9. Ng3 h5 10. Be2 e6 11. O-O exd5 12. cxd5 a6 13. a4 Nh7 14. Qd2 {A65: Modern Benoni: 6 e4} h4 15. Nh1 f5 16. Nf2 Rb8 {LiveBook: 6 Games} (16... Bd7 17. a5 b5 18. axb6 Qxb6 19. f4 Nf7 20. e5 dxe5 21. Nd3 exf4 22. Rxf4 {½-½ (77) Cheparinov,I (2681)-Mikhalevski,V (2559) Jerusalem 2015}) 17. exf5 $146 ({Predecessor:} 17. Rab1 Qa5 18. Bh6 Qb4 19. Bxg7 Kxg7 20. f4 Nf7 21. Rbe1 {0-1 (65) Kavutskiy,K (2365)-Belous,V (2557) Chicago 2016}) 17... gxf5 18. Nh3 Ng6 19. Nf4 (19. Kh1 {feels hotter.} Re8 20. Rfe1 Bd7 21. a5 Qf6 22. f4) 19... Nxf4 20. Bxf4 Qf6 21. Kh1 Bd7 22. a5 Rfe8 23. Rfe1 (23. Rfd1 $14) 23... Nf8 $11 24. Bg5 Qd4 25. Qc1 Ng6 26. Rd1 Qe5 27. f4 Qe3 28. Qc2 (28. Bh5 $11 Qxc1 29. Rdxc1 (29. Raxc1 Kh7 $11)) 28... Bxc3 $1 $17 ({Reject} 28... Nxf4 $6 29. Rf1 $11) 29. Bh5 {[#]} Bd4 $1 30. Bxg6 Re4 31. Bh5 Kg7 (31... b6 $17 {Threatens to win with ...bxa5.} 32. Bxh4 bxa5) 32. Bf3 $11 Ree8 (32... h3 $5) 33. Bxh4 Qxf4 34. Rxd4 Qxd4 ({Much worse is} 34... cxd4 35. Bg3 $11) 35. Bg3 Qf6 (35... f4 {with more complications.} 36. Bf2 Qe5 37. Rg1 b6 38. b4 bxa5 39. g3 Qf5) 36. Qc3 Qxc3 37. bxc3 Re3 38. Rc1 $1 Rbe8 {And now ...f4! would win.} 39. h3 c4 40. Kh2 {[#]} R8e5 $1 {[%mdl 512]} 41. Bf4 ({But not} 41. Bxe5+ dxe5 42. Kg1 Rd3 $17) 41... Rd3 42. h4 $1 Be8 43. h5 Kh7 44. Kg1 Bf7 45. Rb1 $2 {[%mdl 8192] [#]} (45. Bxe5 $11 {and White stays safe.} dxe5 46. d6) 45... Re7 $1 $19 46. Bxd6 Rd7 47. Rb6 Bxd5 48. Be2 $2 (48. Bxd5 Rxd5 49. Bb4) 48... Bc6 49. Bb4 Rg3 50. Kf1 Rxg2 51. Rxc6 Rxe2 $1 {[%mdl 4096] Endgame KRR-KRB} 52. Rc8 Rh2 {[%cal Rd7d1]} 53. Kg1 Rxh5 (53... Ra2 $142 54. Rc7 Rxc7 55. Kh1 Kh6 56. Bd6 Rd7 57. Bc5 Kxh5 58. Bd4 Kg4 59. Kg1 Kf3 60. Bf2 Rxf2 61. Kh1 Rd1#) 54. Rxc4 Rh3 55. Kg2 Rhd3 56. Bc5 Rc7 57. Rh4+ Kg6 58. Bd4 Rh7 59. Rf4 Kg5 60. Rf1 f4 61. Re1 Rg3+ {Precision: White = 42%, Black = 70%.} 0-1

[Event "Budapest Spring Festival 2018"]
[Site "Budapest"]
[Date "2018.04.23"]
[Round "6"]
[White "Nguyen, Van Thanh"]
[Black "Kobo, Ori"]
[Result "1/2-1/2"]
[WhiteElo "2352"]
[BlackElo "2484"]
[Annotator "TA"]
[PlyCount "60"]
[EventDate "2018.??.??"]
[EventType "swiss"]
[EventCountry "HUN"]
[SourceTitle "playchess.com"]
[Source "ChessBase"]
[SourceQuality "1"]

{[%evp 17,60,14,39,27,31,-5,39,0,40,10,33,0,36,0,31,26,33,33,33,23,23,18,18,10,33,10,10,10,10,10,10,0,10,0,10,10,10,10,35,42,45,0,23,16,33]} 1. d4 d6 2. Nf3 Nf6 3. g3 g6 4. Bg2 Bg7 5. O-O O-O 6. a4 a5 7. Re1 {A49: 1 d4 Nf6 2 Nf3 g6 3 g3: Anti-King's Indian systems} Nbd7 8. e4 e5 9. Nc3 b6 {LiveBook: 12 Games} (9... Re8 10. h3 c6 11. Be3 exd4 12. Bxd4 Qc7 13. Qd2 Ne5 14. Nh2 Nc4 15. Qg5 Qd8 16. Na2 h6 17. Qc1 c5 18. Bc3 Nb6 19. b3 d5 20. exd5 Nbxd5 {½-½ (39) Rapport,R (2720)-Mamedyarov,S (2747) Reykjavik 2016}) 10. dxe5 dxe5 11. Nd2 $146 ({Predecessor:} 11. Bf1 Bb7 12. Bc4 Nc5 13. Qxd8 Raxd8 14. Bg5 h6 15. Bxf6 Bxf6 {½-½ (41) Bindrich,F (2512)-Hebden,M (2542) Hastings 2008}) 11... Bb7 12. Nc4 Re8 13. Be3 Bf8 14. Nb5 Ba6 15. f3 Bc5 16. Bf1 Bxb5 17. axb5 Qe7 18. c3 Rad8 19. Qe2 h5 20. h4 Kh7 21. Rad1 Bxe3+ 22. Qxe3 Nc5 23. Qg5 Ne6 24. Qe3 ({Of course not} 24. Qxe5 Ng4 $15) 24... Nc5 25. Qg5 Rxd1 26. Rxd1 Nb7 27. Kh2 Nd6 28. Nxd6 cxd6 29. Bc4 Kg7 30. Qe3 Rc8 {Precision: White = 24%, Black = 50%.} 1/2-1/2

[Event "Budapest Spring Festival 2018"]
[Site "Budapest"]
[Date "2018.04.23"]
[Round "6"]
[White "Rudolf, Michal"]
[Black "Nagy, Gabor"]
[Result "1/2-1/2"]
[WhiteElo "2349"]
[BlackElo "2481"]
[Annotator "TA"]
[PlyCount "92"]
[EventDate "2018.??.??"]
[EventType "swiss"]
[EventCountry "HUN"]
[SourceTitle "playchess.com"]
[Source "ChessBase"]
[SourceQuality "1"]

{[%evp 19,92,0,0,0,8,12,80,0,5,0,64,18,56,64,65,64,68,68,53,0,0,0,0,0,0,-52,-48,-56,-24,-120,-122,-171,-89,-79,-76,-83,-79,-73,-13,-36,-21,-4,-22,-7,0,-16,12,11,24,10,11,13,18,7,8,0,0,0,0,0,12,0,743,816,772,687,712,709,747,747,689,0,0,0,586]} 1. e4 c5 2. Nf3 e6 3. g3 Nc6 4. Bg2 Nf6 5. Qe2 (5. d3 d5 6. Nbd2 Be7 7. O-O O-O 8. Re1 b5 9. e5 Nd7 10. Nf1 Bb7 11. h4 Qc7 12. Bf4 Rfc8 13. Ne3 Qd8 14. Ng4 Bf8 15. Bg5 Qe8 16. c3 h6 17. Bf4 a5 18. Qd2 b4 19. c4 Ne7 20. h5 {1-0 (59) Kuzubov,Y (2699)-Grischuk,A (2772) Riadh 2017}) 5... e5 6. O-O {B40: Sicilian: 2...e6, Unusual lines} Be7 7. Na3 O-O 8. d3 h6 9. c3 Re8 10. Nc4 Bf8 {LiveBook: 11 Games} 11. a4 d5 12. exd5 Nxd5 (12... Qxd5 $11 13. Ng5 Qd8) 13. Re1 $146 (13. Nfxe5 $16 Nxe5 14. Nxe5) ({Predecessor:} 13. Nfxe5 Nxe5 14. Nxe5 {½-½ (39) Ognean,M (2122)-Vasiesiu,D (2390) Cap Aurora 2017}) 13... f6 14. Nh4 g5 (14... Be6 $11) 15. Qh5 {And now Bxd5+ would win.} Nde7 16. Be4 Be6 $1 17. Ng6 Bg7 18. Nxe7+ Nxe7 19. f4 (19. Bxb7 $14 Rb8 20. Ba6) 19... exf4 $11 20. gxf4 Bf7 {[%cal Be6f7,Bf7h5,Bh5f3,Bf3e4][%mdl 32]} 21. Qf3 Nf5 22. Ne3 (22. fxg5 $11 Nh4 23. Qg3 fxg5 24. Nd6 (24. Bxb7 Rxe1+ 25. Qxe1 Bd5 $11)) 22... Nh4 $15 23. Qf2 Bh5 24. Bxb7 (24. Rf1 $1 $11 {keeps the balance.}) 24... Qxd3 $17 25. Ng2 {[#]} Nf3+ ({Black should try} 25... Rab8 $1 $19 {[%cal Rb8b7]} 26. Bc6 Rxe1+ 27. Qxe1 {[#]} Re8 $1 {[%mdl 512]}) 26. Bxf3 Bxf3 27. Be3 Qd5 28. Rac1 Qc6 (28... Rab8 $17 {White should prevent ...Bxg2.} 29. Rc2 Qc6) 29. b4 $11 cxb4 30. cxb4 Qb7 31. Bc5 Be4 32. Ne3 gxf4 33. Qxf4 Kh8 34. Nf5 Bxf5 $1 35. Qxf5 Re5 36. Rxe5 fxe5 37. Rd1 Rg8 {...a5! is the strong threat.} 38. Kf2 $36 {[%mdl 2048] White has good play.} Qc6 39. a5 Bf6 40. Qh3 {[%cal Rh3h6]} Be7 $2 {[%mdl 8192]} (40... Rg6 $11) 41. Bxe7 $18 Qc2+ 42. Ke3 Qc3+ 43. Rd3 {[%cal Rh3h6]} Qe1+ 44. Kf3 {[%cal Rh3h6]} Qh1+ 45. Ke3 {[%cal Rh3h6]} Qe1+ 46. Kf3 {[%cal Rh3h6]} Qh1+ {[%mdl 32768] Precision: White = 45%, Black = 36%. . An unexpected result.} 1/2-1/2

[Event "Budapest Spring Festival 2018"]
[Site "Budapest"]
[Date "2018.04.23"]
[Round "6"]
[White "Orosz, Andras"]
[Black "Hauge, Lars Oskar"]
[Result "0-1"]
[WhiteElo "2324"]
[BlackElo "2441"]
[Annotator "TA"]
[PlyCount "114"]
[EventDate "2018.??.??"]
[EventType "swiss"]
[EventCountry "HUN"]
[SourceTitle "playchess.com"]
[Source "ChessBase"]
[SourceQuality "1"]

{[%evp 13,114,1,54,-7,0,-4,0,-7,1,0,0,-8,-4,-9,0,-12,0,-12,-12,-14,-12,-21,-22,-16,-14,-22,-22,-22,-21,-25,-22,-22,-22,-37,-4,-17,-21,-50,-44,-44,-32,-80,-32,-75,-75,-75,-35,-97,-35,-97,-97,-97,-97,-97,-80,-80,-80,-80,-80,-80,0,-80,0,-114,-105,-116,-97,-135,-138,-143,-86,-182,-164,-633,-560,-737,-650,-648,-644,-641,-621,-607,-581,-563,-563,-610,-473,-450,-449,-1792,-1784,-1543,-973,-5916,-5916,-29976,-29977,-29977,-29978,-29978,-29979,-29979,-29980]} 1. d4 Nf6 2. Nc3 d5 3. Bf4 c5 4. e3 cxd4 5. exd4 a6 6. Nf3 {B13: Caro-Kann: Exchange Variation and Panov-Botvinnik Attack} Bg4 7. h3 Bh5 {LiveBook: 5 Games} (7... Bxf3 $11 8. Qxf3 e6) (7... Bxf3 8. Qxf3 Nc6 9. O-O-O e6 10. g4 Bd6 11. Kb1 Bxf4 12. Qxf4 Rc8 13. h4 {0-1 (38) Nabaty,T (2657)-Jones,G (2654) London 2017}) 8. Be2 (8. g4 $1 $14 Bg6 9. Ne5) 8... Nc6 $11 9. Ne5 Bxe2 10. Nxe2 e6 11. c3 Bd6 12. O-O $146 ({Predecessor:} 12. Qb3 O-O 13. O-O Qc7 14. Nxc6 bxc6 15. Bxd6 Qxd6 {1-0 (51) Bittner,D (1151)-Stecken,O (1778) Frankfurt 2010}) 12... Bxe5 13. Bxe5 Nxe5 14. dxe5 Nd7 {[%cal Bf6d7,Bd7b6,Bb6a4][%mdl 32]} 15. Qd4 Rc8 16. f4 g6 17. Rad1 Qb6 18. Rd2 Ke7 19. Qxb6 Nxb6 20. Nd4 h5 21. g3 Na4 22. Nb3 b6 23. Kf2 Rb8 24. Ke2 Nc5 25. Nxc5 bxc5 {[%mdl 4096] Endgame KRR-KRR} 26. h4 Rb7 27. Kd1 Kd7 28. Kc1 Kc6 29. Rf3 Rhb8 30. Rc2 (30. c4 $15) 30... a5 (30... c4 $17) 31. Rd3 (31. c4 $1 $15) 31... a4 $17 32. Rd1 Kb5 33. Rdd2 Ra7 34. Rd1 Rd8 35. Rcd2 Rad7 36. Kc2 Kc4 ({Black should play} 36... Kc6 $17) 37. Rc1 (37. b3+ $11 {remains equal.} Kb5 38. Kd3) 37... d4 ({Black should try} 37... Ra8 $17) 38. Rcd1 (38. cxd4 $11 Rxd4 39. Kd1+ Kb5 40. Rxd4 Rxd4+ 41. Ke2) 38... Rb7 39. cxd4 Rxd4 ({But not} 39... cxd4 40. Rc1 $15) 40. Rxd4+ cxd4 {KR-KR} 41. Rb1 Kd5 ({Better is} 41... Rb8 42. Kd2 Kd5) 42. Kd3 {[#]} (42. b4 $17) 42... Rc7 $1 $19 43. b4 $2 (43. Kd2) 43... Rc3+ 44. Ke2 {White wants to play b5.} a3 45. b5 {Black must now prevent b6.} Rc2+ 46. Kd3 Rxa2 47. Rb4 Kc5 48. b6 {[#] Threatens to win with b7!} Rb2 $1 {[%cal Rb2b4]} (48... Kxb4 $2 {loses.} 49. b7 $18) 49. Rxd4 {intending Ra4.} a2 50. Ra4 Kxb6 51. Ke3 (51. Kc4 $142) 51... Kb5 52. Ra8 Kb4 53. Kd4 Kb3 54. Kd3 Rb1 {Black mates.} 55. Rb8+ Ka3 56. Ra8+ Kb2 57. Rb8+ Kc1 {Precision: White = 31%, Black = 66%.} 0-1